000
00296 a2200157 4500
001
161660
020
_a
040
_c
Magnum
100
_a
Silva, Alina C.
240
1
0
_a
O appaloosa
_l
por
245
1
0
_a
O appaloosa
362
0
_a
1899
440
1
_a
FTD
697
_a
I/ANIMAIS
942
_c
BK
999
_c
161660
_d
161660